[Event "Dortmund op-A"]
[Site "Dortmund"]
[Date "1992.??.??"]
[Round "11"]
[White "Mikhalchishin, Adrian"]
[Black "Bischoff, Klaus"]
[Result "0-1"]
[WhiteElo "2530"]
[BlackElo "2495"]

1.Nf3 Nf6 2.c4 e6 3.d4 b6 4.g3 Ba6 5.b3 Bb7 6.Bg2 Bb4+ 7.Bd2 Be7 8.Nc3 O-O
9.O-O Na6 10.Qb1 d5 11.cxd5 exd5 12.Rd1 h6 13.Qb2 Re8 14.Rac1 Bf8 15.Bf4 c6
16.Ne5 Qe7 17.g4 Nc7 18.Bg3 Ne6 19.e3 Rad8 20.h4 c5 21.f3 Rc8 22.Ne2 g6 23.Qd2 Bg7
24.Nc3 Red8 25.Bf1 Nd7 26.f4 Nf6 27.f5 gxf5 28.gxf5 Nc7 29.Qh2 Nce8 30.Bh3 Nd6
31.Bf4 cxd4 32.exd4 Nde4 33.Nxe4 dxe4 34.Rxc8 Rxc8 35.Bf1 Nd5 36.Bc4 Qf6
37.Rf1 b5 38.Bxb5 Qb6 39.Qg3 Qxd4+ 40.Rf2 Nxf4 41.f6 Rc1+ 42.Kh2 Nh5  0-1

[Event "Dubai Asian Cities"]
[Site "Dubai"]
[Date "1992.??.??"]
[Round "6"]
[White "Lodhi, Mahmood"]
[Black "Adianto, Utut"]
[Result "1/2-1/2"]
[WhiteElo "2425"]
[BlackElo "2475"]

1.d4 Nf6 2.c4 e6 3.Nf3 b6 4.g3 Ba6 5.b3 Bb4+ 6.Bd2 Be7 7.Bg2 c6 8.O-O d5
9.cxd5 cxd5 10.Ne5 O-O 11.Nc3 Nfd7 12.Nxd7 Qxd7 13.Re1 Nc6 14.Bc1 Rac8 15.Bb2 Rc7
16.Qd2 Rfc8 17.Rac1 h6 18.Red1 Bb4 19.a3 Bf8 20.b4 Bc4 21.e4 a5 22.exd5 exd5
23.Na4 Rb8 24.Rxc4 dxc4 25.d5 Nxb4 26.d6 Ra7 27.axb4 axb4 28.Bf1 Qxa4 29.Bxc4 Rd8
30.Be5 Rad7 31.Qe2 Ra7 32.Bb5 Qb3 33.Bc4 Qa4 34.Bb5 Qa2 35.Qe4 b3 36.Kg2 Rad7
37.Bxd7 Rxd7 38.Qc6 Qc2 39.Qxc2 bxc2 40.Rc1 Bxd6 41.Bxd6 Rxd6 42.Rxc2 g6
43.Rc7 Rd2 44.Rb7 Rb2 45.h4 h5 46.Kf3 Kg7 47.Ke3 Kf6 48.Kf3 b5 49.Ke4 Rb4+
50.Kd5 Rb1 51.Ke4 b4 52.Rb6+ Kg7 53.Kf3 b3 54.Kg2 b2 55.Kf3 Kf8 56.Kf4 Kg7
57.Kf3 f6 58.Rb7+ Kf8 59.Kg2 Ke8 60.Kf3 Kd8 61.Kg2 Kc8 62.Rb3 Kc7 63.Rc3+ Kd6
64.Rb3 g5 65.hxg5 fxg5 66.Rb6+ Kc5 67.Rb8 h4 68.gxh4 gxh4 69.Rc8+ Kd6 70.Rb8 h3+
71.Kh2 Ke5 72.Rb4 Kf5 73.Rb8 Kf4 74.Rb3  1/2-1/2

[Event "Eger op"]
[Site "Eger"]
[Date "1992.??.??"]
[Round "?"]
[White "Seres, Lajos"]
[Black "Kurajica, Bojan"]
[Result "1-0"]
[WhiteElo "2270"]
[BlackElo "2590"]

1.Nf3 Nf6 2.c4 e6 3.d4 b6 4.g3 Ba6 5.Qa4 Bb7 6.Bg2 Be7 7.O-O O-O 8.Nc3 c5
9.Rd1 d6 10.Bf4 Nc6 11.e4 Nd7 12.d5 Nd4 13.e5 dxe5 14.Nxe5 Nxe5 15.Bxe5 exd5
16.Bxd4 cxd4 17.Nxd5 Bxd5 18.Bxd5 Bf6 19.Bxa8 Qxa8 20.Qc2 Qc6 21.Qd3 Rc8
22.Re1 g6 23.b3 Qd7 24.Rad1 Rc5 25.Qf3 Rf5 26.Qa8+ Kg7 27.Rd3 h5 28.Rf3 Ra5
29.a4 d3 30.Rd1 d2 31.Re3 Bg5 32.Re2 Qd3 33.Qe4 Qxb3 34.Qd4+ Bf6 35.Qxd2 Qxc4
36.Rc1 Qxa4 37.Rc7 Qa1+ 38.Kg2 Qd4 39.Qxd4 Bxd4 40.Rd2 Be5 41.Re7 Bc3 42.Rdd7 Rf5
43.Rxa7  1-0

[Event "Elenite"]
[Site "Elenite"]
[Date "1992.??.??"]
[Round "4"]
[White "Stohl, Igor"]
[Black "Sax, Gyula"]
[Result "1/2-1/2"]
[WhiteElo "2560"]
[BlackElo "2565"]

1.c4 Nf6 2.Nf3 e6 3.g3 b6 4.d4 Ba6 5.b3 Bb4+ 6.Bd2 Be7 7.Bg2 d5 8.Bc3 c6
9.Nbd2 O-O 10.Ne5 Nfd7 11.Nxd7 Nxd7 12.O-O Rc8 13.e4 c5 14.exd5 exd5 15.dxc5 dxc4
16.c6 cxb3 17.Re1 Bb5 18.axb3 Bxc6 19.Bxc6 Rxc6 20.Rxa7 Bf6 21.Ne4 Bxc3 22.Rxd7 Qc8
23.Nxc3 Rxc3  1/2-1/2

[Event "NLD-ch sf playoff"]
[Site "Enschede"]
[Date "1992.??.??"]
[Round "3"]
[White "Visser, Yge"]
[Black "Riemersma, Liafbern"]
[Result "0-1"]
[WhiteElo "2360"]
[BlackElo "2410"]

1.d4 Nf6 2.c4 e6 3.Nf3 b6 4.g3 Ba6 5.b3 Bb7 6.Bg2 Bb4+ 7.Bd2 c5 8.O-O O-O
9.e3 Qe7 10.Bc1 cxd4 11.a3 Bc3 12.Ra2 Be4 13.Nxc3 dxc3 14.Qd4 Rc8 15.Qxc3 d5
16.Nd2 Bxg2 17.Kxg2 dxc4 18.bxc4 Nbd7 19.a4 Nc5 20.a5 Qb7+ 21.Kg1 Nfe4 22.Qb4 Nd3
23.Qb1 Nc3 24.Qxd3 Nxa2 25.Bb2 Rd8 26.Qc2 bxa5 27.Ne4 Rab8 28.Be5 Nb4 29.Qb1 Nd3
30.Bxb8 Qxe4 31.Rd1 Qxc4 32.Bd6 Nb4 33.Rd4 Qc6 34.Qd1 h6 35.e4 Qc2 36.Qxc2 Nxc2
37.Rd2 e5 38.Kf1 f6 39.f4 Ne3+ 40.Ke2 Nc4  0-1

[Event "Espoo op"]
[Site "Espoo"]
[Date "1992.??.??"]
[Round "?"]
[White "Nokso Koivisto, Antti"]
[Black "Hentunen, Asko"]
[Result "0-1"]
[WhiteElo "2330"]
[BlackElo "2275"]

1.Nf3 Nf6 2.d4 e6 3.c4 b6 4.g3 Ba6 5.Qa4 c6 6.Bg2 b5 7.cxb5 cxb5 8.Qd1 d5
9.O-O Nbd7 10.Ne5 Rc8 11.Bg5 Be7 12.Nd2 O-O 13.Nxd7 Qxd7 14.a3 b4 15.axb4 Bb5
16.Nf3 Bxb4 17.Qb3 Be7 18.Ne5 Qb7 19.Rfc1 h6 20.Be3 Rb8 21.Bf3 Ne4 22.Rc2 Nd6
23.Qa2 a6 24.Bf4 Qb6 25.Rd1 Rbc8 26.Rxc8 Rxc8 27.g4 Nc4 28.b3 Qa5 29.Qc2 Nd6
30.Qb1 Qc3 31.Be3 Qc2 32.Qa1 Qxb3 33.Rb1 Qc3 34.Qa2 Qc2 35.Qa1 Qa4 36.Qxa4 Bxa4
37.Nd3 Bc2 38.Rb6 Bxd3 39.exd3 Ra8 40.Bd1 Nb5 41.Ba4 Bf6 42.Bxb5 axb5 43.Rxb5 Ra4
44.h3 Bxd4 45.Bxd4 Rxd4 46.Rb3 h5 47.gxh5 Kh7 48.Kg2 Kh6 49.Kg3 Kxh5 50.f3 g5
51.Ra3 Kg6 52.Rb3 Kf5 53.Ra3 Ke5 54.Rb3 f6 55.Ra3 Rb4 56.Rc3 Rb2 57.Ra3 f5
58.Ra1 Rd2 59.Ra3 f4+ 60.Kg4 Rg2+ 61.Kh5 Rg3  0-1

[Event "FRA-chT"]
[Site "?"]
[Date "1992.??.??"]
[Round "?"]
[White "Kallai, Gabor"]
[Black "Sokolov, Andrei"]
[Result "0-1"]
[WhiteElo "2455"]
[BlackElo "2565"]

1.d4 Nf6 2.c4 e6 3.Nf3 b6 4.g3 Ba6 5.Qa4 Bb7 6.Bg2 c5 7.dxc5 bxc5 8.O-O Be7
9.Nc3 O-O 10.Rd1 a6 11.Bf4 Ra7 12.Rd2 Nc6 13.Ne5 Nxe5 14.Bxe5 Bxg2 15.Kxg2 Ng4
16.Bd6 Bxd6 17.Rxd6 Qb8 18.Rd2 f5 19.h3 Nf6 20.Qc2 h5 21.e4 f4 22.Qd3 fxg3
23.Qxg3 Qb4 24.e5 Nh7 25.Rad1 Qb7+ 26.f3 Qb4 27.Ne4 Qxc4 28.Rxd7 Rxd7 29.Rxd7 Qe2+
30.Qf2 Qb5 31.Qd2 c4 32.Qd4 Rb8 33.Kg3 Nf8 34.Ra7 Ng6 35.Nc5 h4+ 36.Kg4 Rf8
37.Kg5 Rf5+ 38.Kg4 Rf4+  0-1

[Event "Fuerteventura"]
[Site "Fuerteventura"]
[Date "1992.??.??"]
[Round "?"]
[White "Zak, Uriel"]
[Black "Garcia Padron, J."]
[Result "0-1"]
[WhiteElo "2385"]
[BlackElo "2435"]

1.d4 Nf6 2.c4 e6 3.Nf3 b6 4.g3 Ba6 5.b3 Bb7 6.Bg2 Bb4+ 7.Bd2 a5 8.O-O O-O
9.Bc3 d5 10.Ne5 Qc8 11.cxd5 Bxd5 12.Qd3 Qb7 13.f3 Nfd7 14.Nxd7 Nxd7 15.e4 Bc6
16.Bxb4 axb4 17.Qc4 Ra5 18.Rc1 Bb5 19.Qxb4 Rfa8 20.Qe7 c5 21.Nc3 Bd3 22.d5 exd5
23.Nxd5 Qa7 24.Qd6 b5 25.Ne7+ Kh8 26.Nc6 Ra6 27.Qxd3 Rxc6 28.Qxb5 c4+ 29.Kh1 Rc5
30.Qb4 Ne5 31.Rf1 c3 32.Qd4 Qc7 33.a4 Rd8 34.Qe3 c2 35.Rfc1 Nd3 36.Bf1 Nxc1
37.Rxc1 Rd1 38.Kg2  0-1

[Event "Fuerteventura"]
[Site "Fuerteventura"]
[Date "1992.??.??"]
[Round "?"]
[White "Trujillo, Ivan"]
[Black "Solana Suarez, Ernesto"]
[Result "0-1"]
[WhiteElo "2325"]
[BlackElo "2265"]

1.d4 Nf6 2.c4 e6 3.Nf3 b6 4.g3 Ba6 5.b3 Bb4+ 6.Bd2 Be7 7.Bg2 d5 8.cxd5 Nxd5
9.O-O Nd7 10.Re1 O-O 11.Nc3 Bb7 12.Rc1 c5 13.Nxd5 exd5 14.Bc3 Rc8 15.Ba1 Nf6
16.Qd3 Qd7 17.Ne5 Qe6 18.Qf3 Ne4 19.Qh5 g6 20.Qf3 Bf6 21.Ng4 Bxd4 22.Bxd4 cxd4
23.h4 f5 24.Nh2 Nc3 25.Qd3 Nxe2+ 26.Rxe2 Rxc1+ 27.Bf1 Qf6 28.f4 Rc3  0-1

[Event "Geneve op"]
[Site "Geneve"]
[Date "1992.??.??"]
[Round "5"]
[White "Jukic, Mirko"]
[Black "Chachere, Lawrence"]
[Result "1-0"]
[WhiteElo "2455"]
[BlackElo "2240"]

1.d4 Nf6 2.Nf3 e6 3.c4 b6 4.g3 Ba6 5.Qa4 c6 6.Nc3 b5 7.cxb5 cxb5 8.Nxb5 Qb6
9.Nc3 Nc6 10.Bg2 Bb4 11.O-O Bxc3 12.bxc3 Bxe2 13.Re1 Bb5 14.Qa3 Rc8 15.Rb1 Qa6
16.Ne5 d5 17.c4 Bxc4 18.Nxc4 Qxc4 19.Be3 Nxd4 20.Rbc1 Nc2 21.Rxc2 Qxc2 22.Rc1 Qxc1+
23.Bxc1 Nd7 24.Bb2 f6 25.Qd6 Nf8 26.Ba3 Kf7 27.Bf1 h5 28.Ba6 Re8 29.Qc7+ Kg6
30.Bd3+ f5 31.Bb5  1-0

[Event "BL2-S9192"]
[Site "Germany"]
[Date "1992.??.??"]
[Round "?"]
[White "Schuh, Hubert"]
[Black "Weber, Marc"]
[Result "1-0"]
[WhiteElo "2350"]
[BlackElo "2305"]

1.d4 Nf6 2.Nf3 e6 3.c4 b6 4.g3 Ba6 5.b3 Bb4+ 6.Bd2 Be7 7.Bg2 Bb7 8.O-O O-O
9.Nc3 d5 10.Ne5 Na6 11.Re1 c5 12.dxc5 Nxc5 13.cxd5 exd5 14.Nb5 Nce4 15.Rc1 a6
16.Nd4 Bc5 17.e3 Re8 18.Nd3 a5 19.Rc2 Ba6 20.Bc1 Qd7 21.Bb2 Rac8 22.Bf1 Bd6
23.Bg2 Rxc2 24.Qxc2 Rc8 25.Qd1 Nc3 26.Bxc3 Rxc3 27.Nf4 Bb4 28.Bf1 Bxf1 29.Rxf1 Ne4
30.Qe2 Rc5 31.Nd3 Nc3 32.Qf3 Rc8 33.a4 Bc5 34.Nf5 Bf8 35.Qg4 Rc7 36.Nh6+ Kh8
37.Qxd7 Rxd7 38.Ne5 gxh6 39.Nxd7 Bc5 40.Kg2 Kg7 41.Rc1 d4 42.Rc2 f5 43.Nxc5 bxc5
44.exd4 cxd4 45.Rd2  1-0

[Event "BL2-N9192"]
[Site "Germany"]
[Date "1992.??.??"]
[Round "?"]
[White "Baumbach, Friedrich"]
[Black "Romanishin, Oleg M"]
[Result "1/2-1/2"]
[WhiteElo "2330"]
[BlackElo "2600"]

1.d4 Nf6 2.c4 e6 3.Nf3 b6 4.g3 Ba6 5.b3 Bb7 6.Bg2 Bb4+ 7.Bd2 a5 8.O-O O-O
9.Qc2 d6 10.Nc3 Nbd7 11.a3 Bxc3 12.Bxc3 Be4 13.Qb2 d5 14.Nd2 Bxg2 15.Kxg2 Qb8
16.Qc2 Qb7 17.f3 c5 18.dxc5 e5 19.cxd5 Nxd5 20.Kf2 Qc6 21.Bb2 Qh6 22.Rh1 Nxc5
23.Nc4 e4 24.Rad1 Rad8 25.Bc1 Qh5 26.h4 Rfe8 27.Bg5 f6 28.g4 Qf7 29.Be3 Qc7
30.a4 Nb4 31.Qb1 exf3 32.exf3 Ncd3+ 33.Kg2 Qc6 34.Rd2 Ne5 35.Nxe5 Rxd2+ 36.Bxd2 Rxe5
37.Re1 Nc2 38.Rxe5 fxe5 39.Qf1 Nd4 40.Qd3 Qd5 41.b4 axb4 42.Bxb4 Qa2+ 43.Kh3 h6
44.Bd6 Qe6 45.Bc7 h5 46.Qe4 Qc4 47.Bxb6 Qf1+ 48.Kh2 Qf2+ 49.Kh3 Qf1+  1/2-1/2

[Event "Groningen op"]
[Site "Groningen"]
[Date "1992.??.??"]
[Round "2"]
[White "Shneider, Aleksandr"]
[Black "Douven, Rudy C"]
[Result "1-0"]
[WhiteElo "2545"]
[BlackElo "2410"]

1.d4 Nf6 2.c4 e6 3.Nf3 b6 4.g3 Ba6 5.b3 d5 6.cxd5 exd5 7.Bg2 Bb4+ 8.Bd2 Bd6
9.O-O O-O 10.Nc3 Re8 11.Rc1 Nbd7 12.Re1 c5 13.Be3 Bb7 14.Nb5 Bb8 15.Nc3 Bd6
16.Nh4 Ng4 17.Nxd5 Bxd5 18.Bxd5 Nxe3 19.fxe3 Rc8 20.Ng2 Nf6 21.Bf3 Qe7 22.Qd3 g6
23.Rf1 Kg7 24.Rc4 h5 25.Kh1 Rcd8 26.a4 Rh8 27.Qc3 g5 28.dxc5 Be5 29.Qc2 bxc5
30.Rxc5 Rd2 31.Rxe5  1-0

[Event "Groningen op"]
[Site "Groningen"]
[Date "1992.??.??"]
[Round "7"]
[White "Shneider, Aleksandr"]
[Black "Shipov, Sergei"]
[Result "0-1"]
[WhiteElo "2545"]
[BlackElo "2490"]

1.d4 Nf6 2.c4 e6 3.Nf3 b6 4.g3 Ba6 5.b3 b5 6.cxb5 Bxb5 7.Nc3 Bb4 8.Bd2 Bc6
9.Bg2 O-O 10.O-O Qc8 11.Qc2 a5 12.Rac1 Qb7 13.Bf4 Bxc3 14.Qxc3 a4 15.Rb1 Be4
16.Ne1 Nc6 17.Bxe4 Nxe4 18.Qe3 Nf6 19.Nf3 Nd5 20.Qd2 axb3 21.axb3 Ra3 22.e4 Nxf4
23.Qxf4 Rxb3 24.Rxb3 Qxb3 25.Qe3 Qxe3 26.fxe3 f5 27.Rc1 fxe4 28.Ng5 Re8 29.Nxe4 e5
30.d5 Ne7 31.Rxc7 Nxd5 32.Rxd7 Nxe3 33.h3 h6 34.Nd6 Rf8 35.Re7 Rf1+ 36.Kh2 Rf2+
37.Kh1 Rf3 38.Ne4 Nc4 39.Rc7 Nb2 40.Kg2 Rf7 41.Rc8+ Kh7 42.Nf2 Kg6 43.Rc2 Rb7
44.g4 Kf7 45.Rc6 Rb4 46.Rc7+ Kg6 47.h4 Rd4 48.h5+ Kf6 49.Rc6+ Ke7 50.Rg6 Kf7
51.g5 hxg5 52.Rxg5 Nc4 53.Ng4 Rxg4+ 54.Rxg4 Ne3+ 55.Kf3 Nxg4 56.Kxg4 Kf6  0-1

[Event "Helsinki op"]
[Site "Helsinki"]
[Date "1992.??.??"]
[Round "2"]
[White "Yrjola, Jouni"]
[Black "Shneider, Aleksandr"]
[Result "1/2-1/2"]
[WhiteElo "2460"]
[BlackElo "2545"]

1.d4 Nf6 2.c4 e6 3.Nf3 b6 4.g3 Ba6 5.b3 Bb4+ 6.Bd2 Be7 7.Bg2 c6 8.Bc3 d5
9.Nbd2 Nbd7 10.O-O O-O 11.Bb2 Bb7 12.Rc1 Rc8 13.Rc2 c5 14.Qa1 dxc4 15.Nxc4 b5
16.Ne3 cxd4 17.Rxc8 Qxc8 18.Bxd4 Qa8 19.Rc1 a6 20.Qb2  1/2-1/2

[Event "Helsinki op"]
[Site "Helsinki"]
[Date "1992.??.??"]
[Round "7"]
[White "Vyzmanavin, Alexey"]
[Black "Kiselev, Sergey"]
[Result "1-0"]
[WhiteElo "2580"]
[BlackElo "2530"]

1.d4 Nf6 2.c4 e6 3.Nf3 b6 4.g3 Ba6 5.b3 Bb7 6.Bg2 Bb4+ 7.Bd2 c5 8.O-O O-O
9.Bxb4 cxb4 10.Qd3 d6 11.Nbd2 Qc7 12.e4 e5 13.Ne1 Nc6 14.Nc2 a5 15.Rfe1 Ba6
16.Nf1 Rab8 17.Nfe3 b5 18.cxb5 Bxb5 19.Qd2 Rfd8 20.Rec1 Qb7 21.d5 Ne7 22.a3 Nd7
23.axb4 axb4 24.Nxb4 Nc5 25.Rab1 Bd7 26.Rxc5 dxc5 27.Nd3 f6 28.Nxc5 Qb4 29.Qxb4 Rxb4
30.Ra1 Rb5 31.Nxd7 Rxd7 32.Ra8+ Kf7 33.Bh3 Rdb7 34.Be6+ Kg6 35.d6 Nc6 36.Bd5 Rxd5
37.Nxd5 Nb8 38.Ne7+ Kf7 39.Rxb8 Rxb8 40.Nc6  1-0

[Event "Helsinki op"]
[Site "Helsinki"]
[Date "1992.??.??"]
[Round "8"]
[White "Kiselev, Sergey"]
[Black "Shneider, Aleksandr"]
[Result "1-0"]
[WhiteElo "2530"]
[BlackElo "2545"]

1.d4 Nf6 2.c4 e6 3.Nf3 b6 4.g3 Ba6 5.b3 Bb4+ 6.Bd2 Be7 7.Nc3 O-O 8.e4 d5
9.cxd5 Bxf1 10.Kxf1 exd5 11.e5 Ne4 12.Kg2 Qd7 13.Qe2 Nxc3 14.Bxc3 c5 15.Rhe1 Qe6
16.Rad1 Nc6 17.Ng1 cxd4 18.Bxd4 Bb4 19.Rf1 f6 20.exf6 Qxe2 21.Nxe2 gxf6 22.Nf4 Kf7
23.Nxd5 Nxd4 24.Rxd4 Bc5 25.Rd2 a5 26.Rfd1 Rfd8 27.Kf3 Rd6 28.Nf4 Rxd2 29.Rxd2 Ra7
30.Kg4 a4 31.bxa4 Rxa4 32.Kf5 Be7 33.Nd5 Ra5 34.f4 Bb4 35.Rd3 Be7 36.g4 Bf8
37.h4 h6 38.h5 Bd6 39.Rd4 Bc5 40.Rc4 Bd6 41.Ke4 Bc5 42.a4 Ke6 43.Nc7+ Kd7
44.Nb5 Ke6 45.Nc3 Ra8 46.Ne2 Rg8 47.a5 Kd6 48.Ng3 Rxg4 49.Nf5+ Kc6 50.axb6 Kxb6
51.Kf3 Rg8 52.Re4 Kc7 53.Re6 Bf8 54.Ke4 Bb4 55.Nxh6 Kd7 56.Rb6 Rh8 57.Nf7 Re8+
58.Kf5 Bc3 59.h6 Ke7  1-0

[Event "Helsinki op"]
[Site "Helsinki"]
[Date "1992.??.??"]
[Round "8"]
[White "Neverov, Valeriy"]
[Black "Romanishin, Oleg M"]
[Result "1/2-1/2"]
[WhiteElo "2490"]
[BlackElo "2555"]

1.d4 Nf6 2.c4 e6 3.Nf3 b6 4.g3 Ba6 5.b3 Bb7 6.Bg2 Bb4+ 7.Bd2 a5 8.O-O O-O
9.Qc2 d6 10.a3 Bxd2  1/2-1/2

[Event "HUN-ch"]
[Site "?"]
[Date "1992.??.??"]
[Round "6"]
[White "Horvath, Csaba"]
[Black "Farago, Ivan"]
[Result "1/2-1/2"]
[WhiteElo "2515"]
[BlackElo "2510"]

1.d4 Nf6 2.c4 e6 3.Nf3 b6 4.g3 Ba6 5.Qa4 Bb7 6.Bg2 c5 7.dxc5 Bxc5 8.O-O O-O
9.Nc3 Be7 10.Bf4 Na6 11.Rfd1 Qc8 12.Rac1 Rd8 13.Nb5 Ne4 14.Qc2 Qc5 15.Be3 Qc8
16.a3 Nc7 17.Nbd4 Ne8 18.Nd2  1/2-1/2

[Event "HUN-ch"]
[Site "?"]
[Date "1992.??.??"]
[Round "8"]
[White "Horvath, Jozsef"]
[Black "Farago, Ivan"]
[Result "1/2-1/2"]
[WhiteElo "2505"]
[BlackElo "2510"]

1.d4 Nf6 2.c4 e6 3.Nf3 b6 4.g3 Ba6 5.b3 Bb4+ 6.Bd2 Be7 7.Bg2 d5 8.cxd5 exd5
9.Nc3 O-O 10.Ne5 Bb7 11.O-O Na6 12.Qc2 h6 13.Rfd1 Re8 14.Bf4 Bf8 15.Qf5 Bc8
16.Qd3 Bb7 17.Qf5 Bc8 18.Qd3 Bb7  1/2-1/2

[Event "HUN-ch"]
[Site "?"]
[Date "1992.??.??"]
[Round "8"]
[White "Kallai, Gabor"]
[Black "Chernin, Alexander"]
[Result "1/2-1/2"]
[WhiteElo "2455"]
[BlackElo "2600"]

1.d4 Nf6 2.c4 e6 3.Nf3 b6 4.g3 Ba6 5.b3 Bb7 6.Bg2 Bb4+ 7.Bd2 a5 8.O-O O-O
9.Qc2 h6 10.Ne1 Bxg2 11.Nxg2 c5 12.dxc5 Bxc5 13.Nc3 Nc6 14.Na4 Qe7 15.Be3 Ng4
16.Bxc5 bxc5 17.f3 Nf6 18.e4 d6 19.Ne3 Rfd8 20.Rad1 Rab8 21.Qd2 Ne8 22.Kg2 Nc7
23.Nc3 Nd4 24.Nc2 Nxc2 25.Qxc2 Na6 26.Qd2 Nb4  1/2-1/2

[Event "HUN-chT"]
[Site "HUN"]
[Date "1992.??.??"]
[Round "?"]
[White "Farago, Sandor"]
[Black "Petran, Pal"]
[Result "0-1"]
[WhiteElo "2385"]
[BlackElo "2470"]

1.d4 Nf6 2.c4 e6 3.Nf3 b6 4.g3 Ba6 5.b3 Bb7 6.Bg2 Bb4+ 7.Bd2 a5 8.O-O O-O
9.Bf4 a4 10.a3 axb3 11.Qxb3 Be7 12.Nc3 Nc6 13.d5 Na5 14.Qa2 Ba6 15.Nd2 exd5
16.cxd5 d6 17.a4 Nd7 18.Rab1 Nb7 19.Qc2 Nbc5 20.Rb4 Bf6 21.Nde4 Be5 22.Ng5 g6
23.Nb5 Bxb5 24.axb5 Bxf4 25.gxf4 Qe7 26.Nf3 Ra3 27.f5 Rfa8 28.fxg6 hxg6 29.Qd2 Ra2
30.Qh6 Qf8 31.Qh3 R8a4 32.Rxa4 Rxa4 33.e3 Qe7 34.Nd4 Ra3 35.Qh6 Qf6 36.Qh3 Kg7
37.Qg3 Qe5 38.Qf3 Nf6 39.Qd1 Rd3 40.Qa1 Ng4 41.Nc6 Qxa1 42.Rxa1 Nb3 43.Rb1 Rc3
44.h3 Ne5 45.Nb4 Nc5 46.Ra1 Ncd3 47.Na6 f5 48.Ra2 g5 49.Kh2 Kf6 50.Nb8 f4
51.exf4 gxf4 52.Nc6 Rc5 53.Nd4 f3 54.Nxf3 Nxf3+ 55.Bxf3 Rxb5 56.Ra7 Rc5 57.Kg3 Rc3
58.Bg4 Ke5 59.Ra8  0-1

[Event "HUN-chT"]
[Site "HUN"]
[Date "1992.??.??"]
[Round "?"]
[White "Chernin, Alexander"]
[Black "Csom, Istvan"]
[Result "1/2-1/2"]
[WhiteElo "2620"]
[BlackElo "2490"]

1.d4 Nf6 2.c4 e6 3.Nf3 b6 4.g3 Ba6 5.b3 Bb7 6.Bg2 Bb4+ 7.Bd2 a5 8.O-O O-O
9.Qc2 h6 10.Nc3 Re8 11.Rfe1 Bxc3 12.Bxc3 Be4 13.Qb2 d5 14.Bf1 Bxf3 15.exf3 c6
16.Rad1 Nbd7 17.Bd3 a4 18.f4 Qb8 19.c5 axb3 20.axb3 Qb7 21.b4 b5 22.Bd2 Nf8
23.Kg2 Ra7 24.f5 Qa8 25.Qc1 Qd8 26.Bf4 Ne4 27.Rxe4 dxe4 28.Bxe4 Ra6 29.Bf3 exf5
30.d5 cxd5 31.c6 Qc8 32.Bxd5  1/2-1/2

[Event "HUN-chT"]
[Site "HUN"]
[Date "1992.??.??"]
[Round "?"]
[White "Halasz, Tamas"]
[Black "Lengyel, Levente"]
[Result "1/2-1/2"]
[WhiteElo "2400"]
[BlackElo "2375"]

1.d4 Nf6 2.c4 e6 3.Nf3 b6 4.g3 Ba6 5.b3 Bb4+ 6.Bd2 Be7 7.Nc3 c6 8.e4 d5 9.e5 Ne4
10.Bd3 Nxc3 11.Bxc3 Bb7 12.O-O O-O 13.Qe2 a5 14.Rfd1 Na6  1/2-1/2

[Event "HUN-chT"]
[Site "HUN"]
[Date "1992.??.??"]
[Round "?"]
[White "Horvath, Csaba"]
[Black "Tompa, Janos"]
[Result "1/2-1/2"]
[WhiteElo "2485"]
[BlackElo "2415"]

1.d4 Nf6 2.c4 e6 3.Nf3 b6 4.g3 Ba6 5.b3 Bb7 6.Bg2 Bb4+ 7.Bd2 a5 8.O-O O-O
9.Qc2 c5 10.dxc5 Bxd2 11.Qxd2 Ne4 12.Qf4 bxc5 13.Nfd2 Nxd2 14.Bxb7 Ra7 15.Nxd2 Rxb7
16.Ne4 Qe7 17.Rfd1 f5 18.Nd6 Rb6 19.Qe5 Na6 20.Rd2 Qf6 21.Qxf6 Rxf6 22.Rad1 Rf8
23.f4 a4 24.bxa4 Rb4 25.a5 Rfb8 26.Kf2 Ra4 27.Kf3 Rxa5 28.e4 Ra3+ 29.Kg2 fxe4
30.Nxe4 d5 31.cxd5 exd5 32.Rxd5 Re8 33.Nxc5 Rxa2+ 34.Kh3 Nxc5 35.Rxc5 Rae2
36.Rd7 R2e7 37.Rxe7 Rxe7 38.Kg4 Ra7 39.h4 Kf7 40.h5 Ra3 41.Rc7+ Kg8 42.Rc8+ Kf7
43.Rh8 h6 44.Rb8 Rc3 45.Rb7+ Kf6 46.Kh4 Rf3 47.Rb4 Kf7 48.Rb6 Rf1 49.Kg4 Ra1
50.Rb3 Ra5 51.Kh4 Ra4 52.Kh3 Rc4 53.Kg2 Rc5 54.g4 Rc6 55.Kf3 Kf6 56.Rb4 Re6
57.Ra4 Rc6 58.Ke4 Rb6 59.Rc4 Ra6 60.Kd5 Ra5+ 61.Kd6 Ra6+ 62.Rc6 Ra5 63.Rc5 Ra6+
64.Kd5 Ra4 65.Rc6+ Kf7 66.Rc4 Ra1 67.Ke5 Ra5+ 68.Ke4 Rb5 69.Rc7+ Kf6 70.Rc6+ Kf7
71.Rd6 Rb4+ 72.Ke5 Rb7 73.Rd5 Ra7 74.Kf5 Rb7 75.Ra5 Rc7 76.Ke5 Re7+ 77.Kf5 Rb7
78.Rd5 Re7 79.Rd6 Ra7 80.Ke5 Re7+ 81.Kf5 Ra7 82.g5 hxg5 83.fxg5 Ra5+ 84.Kf4 Ke7
85.Rd4 Kf7 86.Rd7+ Kf8 87.Rb7 Rc5 88.Rb4 Rc7 89.Kf5 Kf7 90.Re4 g6+ 91.hxg6+ Kg7
92.Re5 Ra7 93.Kg4 Kxg6 94.Re6+ Kg7 95.Kh5 Rb7 96.Rg6+ Kh7  1/2-1/2

[Event "HUN-chT"]
[Site "HUN"]
[Date "1992.??.??"]
[Round "?"]
[White "Kallai, Gabor"]
[Black "Farago, Ivan"]
[Result "0-1"]
[WhiteElo "2455"]
[BlackElo "2520"]

1.d4 Nf6 2.c4 e6 3.Nf3 b6 4.g3 Ba6 5.b3 d5 6.Bg2 dxc4 7.Ne5 Bb4+ 8.Kf1 Nfd7
9.Nxc4 c6 10.Bf4 O-O 11.a3 Be7 12.Nc3 b5 13.Ne5 Nxe5 14.Bxe5 Nd7 15.Bf4 Qb6
16.Bf3 Rad8 17.Kg2 g5 18.Be3 f5 19.d5 Qb8 20.dxe6 Ne5 21.Qc2 g4 22.Bf4 gxf3+
23.exf3 Rde8 24.Bh6 Rf6 25.Bg5 Rxe6 26.Qxf5 Bxg5 27.Qxg5+ Rg6 28.Qe3 Rf8
29.f4 Ng4 30.Qc5 Rxf4 31.gxf4 Qxf4 32.Kf1 b4+ 33.Ne2 Qe4 34.Rg1 Qxe2+  0-1

[Event "HUN-chT"]
[Site "HUN"]
[Date "1992.??.??"]
[Round "?"]
[White "Navarovszky, Laszlo"]
[Black "Dely, Peter"]
[Result "1/2-1/2"]
[WhiteElo "2340"]
[BlackElo "2430"]

1.d4 Nf6 2.c4 e6 3.Nf3 b6 4.g3 Ba6 5.Qa4 Bb7 6.Bg2 c5 7.O-O cxd4 8.Nxd4 Bxg2
9.Kxg2 Qc8 10.Nc3 Be7 11.f3 O-O 12.Rd1  1/2-1/2

[Event "HUN-chT"]
[Site "HUN"]
[Date "1992.??.??"]
[Round "?"]
[White "Pasztor, Ferenc"]
[Black "Lorincz, Istvan"]
[Result "1/2-1/2"]
[WhiteElo "2235"]
[BlackElo "2340"]

1.d4 Nf6 2.c4 e6 3.Nf3 b6 4.g3 Ba6 5.Nbd2 c5 6.Bg2 Bb7 7.O-O cxd4 8.Nxd4 Bxg2
9.Kxg2 Qc7 10.Qb3 Nc6 11.Nb5 Qb7 12.Qf3 a6 13.Nd4 Rc8 14.Ne4 Be7 15.Be3 O-O
16.b3 b5 17.cxb5 axb5 18.Nxc6 Rxc6 19.Bd4 Nxe4 20.Qxe4 Rfc8 21.a4 b4 22.a5 Qa6
23.Ra2 d5 24.Qg4 Bf8 25.e4 Qd3 26.exd5 Qxb3 27.dxc6 Qxa2 28.Ra1 Qd5+ 29.Kh3 f5
30.Qf4 Rxc6 31.Qe5 Qc4 32.Kg2 h6 33.h4 b3 34.Re1 Qb4 35.Ra1 Qb7 36.Kh2 Qc8
37.Rb1 Ra6 38.Bb6 Qc2 39.Qb2  1/2-1/2

[Event "HUN-chT"]
[Site "HUN"]
[Date "1992.??.??"]
[Round "3"]
[White "Karolyi, Tibor Jr"]
[Black "Dely, Peter"]
[Result "1/2-1/2"]
[WhiteElo "2365"]
[BlackElo "2430"]

1.d4 Nf6 2.c4 e6 3.Nf3 b6 4.g3 Ba6 5.b3 Bb7 6.Bg2 Bb4+ 7.Bd2 Be7 8.O-O c6
9.Bc3 O-O 10.Nbd2 d5 11.Ne5 Nbd7 12.e4 dxe4 13.Nxe4 Nxe4 14.Bxe4 Nxe5 15.dxe5 Qc7
16.Qf3 Rab8 17.Rfd1 c5 18.Bxb7 Qxb7 19.Qxb7 Rxb7 20.Rd3 Rd8 21.Rxd8+ Bxd8
22.Rd1 Be7 23.g4 Kf8 24.Kg2 Ke8 25.f4 Rd7 26.Rxd7 Kxd7 27.Kf3 g6 28.Ke4 a5
29.Bd2 Bh4 30.Be3 Be1  1/2-1/2

[Event "HUN-chT"]
[Site "HUN"]
[Date "1992.??.??"]
[Round "9"]
[White "Borsi, Imre"]
[Black "Lorincz, Istvan"]
[Result "1/2-1/2"]
[WhiteElo "2215"]
[BlackElo "2340"]

1.d4 Nf6 2.c4 e6 3.Nf3 b6 4.g3 Ba6 5.Nbd2 c5 6.e4 cxd4 7.Nxd4 Bb7 8.Bg2 a6
9.b3 Bb4 10.Qc2 O-O 11.O-O Qc7 12.Re1 d6 13.a3 Bc5 14.Bb2 Nbd7 15.h3 Rac8
16.Rac1 b5 17.b4 Ba7 18.N4b3 bxc4 19.Qxc4 Qb8 20.Qe2 h6 21.Kh2 Rxc1 22.Rxc1 Rc8
23.Rxc8+ Qxc8 24.Na5 Ba8 25.Ndc4 Ne8  1/2-1/2

[Event "HUN-chT"]
[Site "HUN"]
[Date "1992.??.??"]
[Round "14"]
[White "Csikar, Bruno"]
[Black "Csoke, Adrienn"]
[Result "1-0"]
[WhiteElo "2240"]
[BlackElo "2235"]

1.Nf3 Nf6 2.d4 e6 3.c4 b6 4.g3 Ba6 5.b3 Bb4+ 6.Bd2 Be7 7.Bg2 c6 8.O-O d5
9.Qc2 O-O 10.Ne5 Nbd7 11.Nxd7 Nxd7 12.e4 Rc8 13.Be3 dxe4 14.Bxe4 Nf6 15.Bf3 c5
16.Rd1 cxd4 17.Bxd4 Qc7 18.Qe2 Nd7 19.Nc3 Bf6 20.Bxf6 Nxf6 21.Rd2 Rcd8 22.Rad1 Rxd2
23.Rxd2 Rd8 24.a4 Rxd2 25.Qxd2 Kf8 26.Qd4 Nd7 27.Nb5 Bxb5 28.axb5 Nc5 29.b4 Nd7
30.Bc6 Nb8 31.c5 Nxc6 32.bxc6 Ke7 33.cxb6 Qxc6 34.bxa7 Qc1+ 35.Kg2 Qc6+ 36.Kh3 Qb7
37.b5 e5 38.Qxe5+ Kd7 39.b6  1-0

[Event "Hyeres op"]
[Site "Hyeres"]
[Date "1992.??.??"]
[Round "?"]
[White "Rausis, Igors"]
[Black "Farago, Ivan"]
[Result "1/2-1/2"]
[WhiteElo "2490"]
[BlackElo "2510"]

1.d4 e6 2.c4 Nf6 3.Nf3 b6 4.g3 Ba6 5.b3 Bb4+ 6.Bd2 Be7 7.Bg2 d5 8.Bc3 c6
9.Nbd2 Nbd7 10.O-O O-O 11.Bb2 Rc8 12.Rc1 c5 13.Rc2 Re8 14.Qb1 Bf8 15.Rd1 Qc7
16.Rcc1 Qb8 17.e4 cxd4 18.cxd5 e5  1/2-1/2

[Event "Iraklion op"]
[Site "Iraklion"]
[Date "1992.??.??"]
[Round "2"]
[White "Grivas, Efstratios"]
[Black "Lazic, Miroljub"]
[Result "1-0"]
[WhiteElo "2465"]
[BlackElo "2430"]

1.d4 Nf6 2.c4 e6 3.Nf3 b6 4.g3 Ba6 5.Qa4 c5 6.Bg2 Bb7 7.dxc5 bxc5 8.O-O Be7
9.Nc3 O-O 10.Rd1 Qb6 11.Bf4 Nh5 12.Be3 f5 13.Qa3 d6 14.Bg5 Nf6 15.Rd2 h6
16.Bxf6 Bxf6 17.Rad1 Rd8 18.Qb3 Qa6 19.Rxd6 Rxd6 20.Rxd6 Nc6 21.Na4 Na5 22.Rxa6 Nxb3
23.Rxe6 Nc1 24.Nxc5 Bxf3 25.Bxf3 Rc8 26.b4 Nxa2 27.Nd3 Nc3 28.c5 Kf7 29.Ra6 Rc7
30.Nf4 Be5 31.Bh5+ Kg8 32.Ng6 Bf6 33.Re6 Rc8 34.Rxf6  1-0